|
|
|
|
| LEADER |
00000nam0a2200000 4500 |
| 001 |
195777 |
| 005 |
20231031182907.0 |
| 010 |
|
|
|a 5279003344
|
| 020 |
|
|
|a RU
|b 90-67339
|
| 035 |
|
|
|a (RuTPU)RU\TPU\book\213591
|
| 090 |
|
|
|a 195777
|
| 100 |
|
|
|a 20110516d1990 u a0rusy5003 ca
|
| 101 |
0 |
|
|a rus
|
| 102 |
|
|
|a RU
|
| 105 |
|
|
|a y z 000zy
|
| 200 |
1 |
|
|a Анализ и оценка систем управления на предприятиях
|f М. В. Мельник
|
| 210 |
|
|
|a Москва
|c Финансы и статистика
|d 1990
|
| 215 |
|
|
|a 136 с.
|c схем.
|d 22 см
|
| 610 |
1 |
|
|a промышленные предприятия
|
| 610 |
1 |
|
|a автоматизированные системы планирования
|
| 610 |
1 |
|
|a хозяйственная деятельность
|
| 610 |
1 |
|
|a анализ
|
| 610 |
1 |
|
|a предприятия
|
| 610 |
1 |
|
|a системы управления
|
| 610 |
1 |
|
|a управление
|
| 610 |
1 |
|
|a подсистемы
|
| 610 |
1 |
|
|a совершенствование
|
| 675 |
|
|
|a 658.511
|z rus
|
| 700 |
|
1 |
|a Мельник
|b М. В.
|g Маргарита Викторовна
|4 070
|
| 801 |
|
0 |
|a RU
|b RuMRKP
|c 19950417
|g psbo
|
| 801 |
|
1 |
|a RU
|b 63413507
|c 20110516
|
| 801 |
|
2 |
|a RU
|b 63413507
|c 20110519
|g RCR
|
| 942 |
|
|
|c BK
|